| 000 | 00379nam a2200157Ia 4500 | ||
|---|---|---|---|
| 003 | OSt | ||
| 005 | 20240326120458.0 | ||
| 008 | 170524s9999 xx 000 0 und d | ||
| 020 | _a8120737148 | ||
| 040 | _cIIMTU MEERUT | ||
| 100 | _aBegum-Raheena | ||
| 245 | 2 | _aA Textbook of Foods Nutrition and Dieteties | |
| 260 | _bSterling publication | ||
| 260 | _c1991 | ||
| 942 |
_2ddc _c02 |
||
| 999 |
_c6644 _d6644 |
||